Rubricae Sive Synopses Titulorum, Capitum, Et Articulorum, Universi Juris Ungarici Pars prima

Bibliographic Details
Main Author: Segedy, Ján, 1699-1760 (Author)
Format: Book
Language:Latin
PhysicalDescription:171 , 279 , 320 s. 16 cm
Published: Tyrnaviae Academicis per Leopoldum Berger 1734
Subjects:

MARC

LEADER 00000nam a2200000 a 4500
001 vtls001423288
003 SK-MaSNL
005 20260301202524.0
008 251112s1734 xx lat
035 |a SNK000378161 
035 |a urn:nbn:sk:snk-amtih0 
035 |a urn:nbn:sk:snk-am00c4c1 
035 |a 6E800822-719D-4FEF-B9E4-F303CDB66B8A 
040 |a SNK  |b slo  |c SNK  |e AACR2 
041 |a lat 
044 |a xo  |c SK 
080 |a (439)  |2 2001 
100 1 |a Segedy, Ján,  |d 1699-1760  |4 aut  |9 155848 
245 1 0 |a Rubricae Sive Synopses Titulorum, Capitum, Et Articulorum, Universi Juris Ungarici  |p Pars prima 
260 |a Tyrnaviae  |b Academicis per Leopoldum Berger  |c 1734 
300 |a 171 , 279 , 320 s.  |c 16 cm 
561 |a Okrúhla pečiatka: Dar Martina Hamuljaka Matici slovenskej.  |5 SNK SD 8/1-3 
561 |a Okrúhla pečiatka: Nyitravármegyei Muzeum 1900.  |5 SNK SD 8/1-3 
561 |a Okrúhla pečiatka: Knižnica Matice slovenskej.  |5 SNK SD 8/1-3 
651 7 |a Uhorsko  |2 SNKPH  |9 28673 
700 1 |a Hamuljak, Martin,  |d 1789-1859  |4 fmo  |9 79936 
852 |a snk  |b Historické fondy  |p SD 8/1-3 
958 |a ONDV 
999 |c 899142  |d 901072 
952 |t P60, <04>, [BOOK], {604}  |a SNK  |b SNK  |y VYP  |7 0  |p 17A0319492  |o snkSD 8/1-3 D1  |0 0  |1 0  |4 0  |d 2001-10-30  |l 0  |r 2005-01-02 00:00:00  |w 2026-02-24 
952 |t P60, <04>, [BOOK], {604}  |a SNK  |b SNK  |y VYP  |7 0  |o snkSD 8/1-3 D2  |0 0  |1 0  |4 0  |d 2002-11-04  |l 0  |r 2005-01-02 00:00:00  |w 2026-02-24 
952 |t P60, <04>, [BOOK], {604}  |a SNK  |b SNK  |y VYP  |7 0  |o snkSD 8/1-3 D3  |0 0  |1 0  |4 0  |d 2002-11-04  |l 0  |r 2005-01-02 00:00:00  |w 2026-02-24 
952 |t P60, <04>, [BOOK], {604}  |a SNK  |b SNK  |y VYP  |7 0  |o snkSD 8/1-3 D4  |0 0  |1 0  |4 0  |d 2002-11-04  |l 0  |r 2005-01-02 00:00:00  |w 2026-02-24 
952 |t Ham 566  |a SNK  |b SNK  |c SNK_HF  |y PREZ  |7 0  |p 17A1127091  |o snkSD 8/1-3  |i snk2016/8779  |8 5  |0 0  |1 0  |4 0  |d 2015-01-26  |f 1  |l 0  |r 2026-02-24 07:08:26  |w 2026-02-24